Statistics for Every city in Togo

Click here to take the quiz!

General Stats

  • This quiz has been taken 4 times
  • The average score is 19 of 35

Answer Stats

CityPopulation% Correct
LLomé1,477,658
100%
KKara94,878
75%
SSokodé95,070
75%
AAdéta8,499
50%
AAfagnagan8,912
50%
AAgou-Gadjepe4,485
50%
AAmlamé3,993
50%
AAného24,891
50%
AAnié37,398
50%
AAtakpamé69,261
50%
BBadou12,003
50%
BBafilo17,937
50%
BBassar23,181
50%
BBlitta9,735
50%
CCinkassé26,926
50%
DDanyi-Apéyémé5,850
50%
DDapaong58,071
50%
EElavagnon6,680
50%
GGuérin-Kouka9,570
50%
KKandé12,970
50%
KKévé4,441
50%
KKougnohou5,979
50%
KKpalimé75,084
50%
MMandouri5,203
50%
NNiamtougou21,250
50%
NNotsé35,039
50%
PPagouda4,907
50%
SSansanné-Mango24,766
50%
SSotouboua24,332
50%
TTabligbo22,304
50%
TTandjouaré1,671
50%
TTchamba22,970
50%
TTohoun6,767
50%
TTsévié54,474
50%
VVogan17,340
50%

Score Distribution

Percentile by Number Answered

Percent of People with Each Score

Your Score History

You have not taken this quiz